| 000 | 01554cam a22003011i 4500 | ||
|---|---|---|---|
| 003 | SA-RiAUC | ||
| 005 | 20241005162804.0 | ||
| 008 | 241002s2016 ku g f000 0 ara c | ||
| 040 |
_aSA-RiKAPL _bara _cSA-RiAUC _erda |
||
| 082 | 0 | 4 |
_a212 _qSA-RiAUC |
| 090 |
_a212 _bج م ا |
||
| 100 | 1 |
_aجمال الدين القاسمي، جمال الدين بن محمد سعيد بن قاسم، _d1283-1332 هجري _eمؤلف. |
|
| 245 | 1 | 0 |
_aآداب الدارس والمدرس / _cتأليف العلامة الشيخ محمد جمال الدين القاسمي الدمشقي ؛ تحقيق محمد ناصر العجمي. |
| 250 | _aالطبعة الاولى. | ||
| 264 | 1 |
_aالكويت : _bوزارة الأوقاف والشؤون الإسلامية، قطاع الشؤون الثقافية، الوعي الإسلامي، _c2010 |
|
| 300 |
_a47 صفحة ؛ _c24 سم |
||
| 336 |
_aنص _btxt _2rdacontent _3كتاب |
||
| 337 |
_aبدون وسيط _bn _2rdamedia |
||
| 338 |
_aمجلد _bnc _2rdacarrier |
||
| 500 | _aالإصدار مائة وثلاثون. | ||
| 650 | 7 |
_aآداب طالب العلم _2aucsh |
|
| 650 | 7 |
_aالإسلام والعلوم _2aucsh |
|
| 650 | 7 |
_aالآداب الإسلامية _2aucsh |
|
| 700 | 1 | 2 |
_iتحقيق لـ (عمل) : _aجمال الدين القاسمي، جمال الدين بن محمد سعيد بن قاسم، _d1283-1332 هجري _tآداب الدارس والمدرس. |
| 700 | 1 |
_aالعجمي، محمد بن ناصر _eمحقق. |
|
| 942 |
_2ddc _cBOOK _n0 |
||
| 949 |
_aSA-JeALM _d241002 _umohamedma123 _n1 |
||
| 999 |
_c886 _d886 |
||